| 000 | 01011cab a2200181 4500 | ||
|---|---|---|---|
| 001 | ##L132896 | ||
| 008 | 060320n2006 000 0 eng u | ||
| 035 | _a(Sirsi) u132896 | ||
| 041 | 0 | _aeng | |
| 100 | 1 | _aPearson, David | |
| 245 | 0 | 0 |
_aTender evaluation _bassessing technical competence |
| 260 | _c2006 | ||
| 490 | 0 |
_aFacilities Management _v13(6) March 2006, 14-15(2) |
|
| 520 | _aLooks at ways to evaluate the technical competence of prospective contractors, as part of the pre-qualification procedure or following the submission of tenders. This includes obtaining evidence that that they are capable of complying with health and safety standards and that their qualifications are up to date. The intensity of each assessment depends on the level of the individual's role and responsibility as well as company's overall attitude to health and safety. | ||
| 590 | _aIKA280306 | ||
| 690 | _aMANAGEMENT-HEALTH AND SAFETY-HEALTH AND SAFETY RISK MANAGEMENT-HEALTH AND SAFETY RISK ASSESSMENT | ||
| 942 | _n0 | ||
| 999 |
_c76675 _d76675 |
||